Poverty : comparative study of peasant strategies for surviving and for welfare research : case of Lissègazoun and Sey-Avissa villages in the Atlantic Department (Record no. 31616)
[ view plain ]
| 000 -LEADER | |
|---|---|
| fixed length control field | 02800 a2200385 4500 |
| 041 ## - CODE DE LANGUE | |
| Language code of summary or abstract/overprinted title or subtitle | En |
| 040 ## - SOURCE DU CATALOGAGE | |
| Original cataloging agency | Support |
| 041 ## - CODE DE LANGUE | |
| Language code of summary or abstract/overprinted title or subtitle | Fr |
| 041 ## - CODE DE LANGUE | |
| Language code of summary or abstract/overprinted title or subtitle | En |
| 100 ## - VEDETTE PRINCIPALE - NOM DE PERSONNE | |
| Personal name | GBAYI, Pascal Kossi |
| 130 ## - VEDETTE PRINCIPALE - TITRE UNIFORME | |
| Language of a work | Fr |
| 100 ## - VEDETTE PRINCIPALE - NOM DE PERSONNE | |
| Affiliation | Abomey-Calavi, Université d'Abomey-Calavi, Faculté des Sciences Agronomiques, Bj |
| 240 ## - UNIFORM TITLE | |
| Uniform title | <a href="Pauvreté : étude comparative des stratégies paysannes de survie et de recherche d'un mieux-être : cas des villages de Lissègazoun et de Sey-Avissa dans le Département de l'Atlantique.">Pauvreté : étude comparative des stratégies paysannes de survie et de recherche d'un mieux-être : cas des villages de Lissègazoun et de Sey-Avissa dans le Département de l'Atlantique.</a> |
| 260 ## - PUBLICATION, DISTRIBUTION, ETC. (IMPRINT) | |
| Place of publication, distribution, etc | Abomey-Calavi |
| 260 ## - PUBLICATION, DISTRIBUTION, ETC. (IMPRINT) | |
| Name of publisher, distributor, etc | FSA/UAC |
| 260 ## - PUBLICATION, DISTRIBUTION, ETC. (IMPRINT) | |
| Date of publication, distribution, etc | Décembre 2002 |
| 245 ## - TITLE STATEMENT | |
| Title | Poverty : comparative study of peasant strategies for surviving and for welfare research : case of Lissègazoun and Sey-Avissa villages in the Atlantic Department |
| 300 ## - PHYSICAL DESCRIPTION | |
| Extent | XVII-146 p. |
| 300 ## - PHYSICAL DESCRIPTION | |
| Other physical details | 29 cm |
| 500 ## - GENERAL NOTE | |
| General note | Annexes |
| 502 ## - DISSERTATION NOTE | |
| Dissertation note | Thèse pour l'obtention du Diplôme d'Ingénieur Agronome |
| 520 ## - SUMMARY, ETC. | |
| Summary, etc | La lutte contre la pauvreté est de loin, le paramètre le plus déterminant du développement en milieu rural.Plusieurs programmes de lutte contre la pauvreté ont été mis en oeuvre dans les campagnes. Le faible impact de ces programmes a entraîné une remise en cause de leur démarche opérationnelle et replacé la pauvreté au coeur des préoccupations actuelles de développement. A l'instar de Lamark qui, parlant des capacités adaptatives de l'homme à son milieu de vie, a autrefois avancé que "la fonction crée l'organe", les paysans ont développé des stratégies de survie ou d'amélioration de leur bien-être. Ainsi, l'étude comarative de ces stratégies paysannes de survie et celles de recherche d'un mieux-être dans les villages de Lissègazoun et de Sey-Avissa, nous ont permis de nous rendre compte que, comparativement aux ménages moins pauvres , les paysans les plus pauvres réduisent les nombres journaliers de consommation et de préparation de "repas fondamentaux". Il font des substitutions alimentaires qui consistent fondamentalement à "délayer du gari" (qui autrefois était un "repas de circonstance") en lieu et place de "repas fondamentaux" et évitent de prendre d'autres repas qu'on pourrait nommer "de plaisir". Aussi prennent-ils des quantités relativement importantes de "sodabi". |
| 650 ## - SUBJECT ADDED ENTRY--TOPICAL TERM | |
| Topical term or geographic name as entry element | PAUVRETE |
| 650 ## - SUBJECT ADDED ENTRY--TOPICAL TERM | |
| Topical term or geographic name as entry element | MENAGE |
| 650 ## - SUBJECT ADDED ENTRY--TOPICAL TERM | |
| Topical term or geographic name as entry element | ZONE RURALE |
| 650 ## - SUBJECT ADDED ENTRY--TOPICAL TERM | |
| Topical term or geographic name as entry element | DEVELOPPEMENT ECONOMIQUE ET SOCIAL |
| 650 ## - SUBJECT ADDED ENTRY--TOPICAL TERM | |
| Topical term or geographic name as entry element | ORGANISATION PAYSANNE |
| 651 ## - SUBJECT ADDED ENTRY--GEOGRAPHIC NAME | |
| Geographic name | LISSEGAZOUN |
| 651 ## - SUBJECT ADDED ENTRY--GEOGRAPHIC NAME | |
| Geographic name | SEY-AVISSA |
| 653 1# - INDEX TERM--UNCONTROLLED | |
| Uncontrolled term | Economie, Socio-Anthropologie et Communication pour le Développement Rural |
| 653 #1 - INDEX TERM--UNCONTROLLED | |
| Uncontrolled term | Economie, Socio-Anthropologie et Communication pour le Développement Rural |
| 651 ## - SUBJECT ADDED ENTRY--GEOGRAPHIC NAME | |
| Geographic name | BENIN |
| 710 ## - ADDED ENTRY--CORPORATE NAME | |
| Corporate name or jurisdiction name as entry element | Abomey-Calavi, Université d'Abomey-Calavi, Faculté des Sciences Agronomiques, Bj |
| Withdrawn status | Lost status | Damaged status | Not for loan | Location (home branch) | Sublocation or collection (holding branch) | Date acquired | Koha issues (times borrowed) | Koha full call number | Koha date last seen | Copy number | Price effective from | Koha item type | Public note |
|---|---|---|---|---|---|---|---|---|---|---|---|---|---|
| Bibliothèque-Centre de Documentation de la Faculté des Sciences Agronomiques | Bibliothèque-Centre de Documentation de la Faculté des Sciences Agronomiques | T.ESAC.2002.011 | 28/02/2009 | 01 | 28/02/2009 | Livre | A.9432 |